<?xml version="1.0" encoding="UTF-8"?>
<record
    xmlns:xsi="http://www.w3.org/2001/XMLSchema-instance"
    xsi:schemaLocation="http://www.loc.gov/MARC21/slim http://www.loc.gov/standards/marcxml/schema/MARC21slim.xsd"
    xmlns="http://www.loc.gov/MARC21/slim">

  <leader>00327nam a2200109Ia 4500</leader>
  <controlfield tag="008">180131s9999||||xx |||||||||||||| ||und||</controlfield>
  <datafield tag="020" ind1=" " ind2=" ">
    <subfield code="c">NT280</subfield>
    <subfield code="a">978-957-13-6728-6</subfield>
  </datafield>
  <datafield tag="100" ind1=" " ind2=" ">
    <subfield code="a">&#x5510;&#x52E4;</subfield>
  </datafield>
  <datafield tag="245" ind1=" " ind2="0">
    <subfield code="c">&#x5510;&#x52E4;</subfield>
    <subfield code="a">&#x7576;&#x547C;&#x5438;&#x5316;&#x70BA;&#x7A7A;&#x6C23;&#xFF1A;&#x4E00;&#x4F4D;&#x5929;&#x624D;&#x795E;&#x7D93;&#x5916;&#x79D1;&#x91AB;&#x5E2B;&#x6700;&#x5F8C;&#x7684;&#x751F;&#x547D;&#x6D1E;&#x5BDF;</subfield>
  </datafield>
  <datafield tag="250" ind1=" " ind2=" ">
    <subfield code="a">&#x521D;&#x7248;</subfield>
  </datafield>
  <datafield tag="260" ind1=" " ind2=" ">
    <subfield code="c">2016.07</subfield>
    <subfield code="a">&#x53F0;&#x5317;&#x5E02;</subfield>
  </datafield>
  <datafield tag="942" ind1=" " ind2=" ">
    <subfield code="2">ccl</subfield>
    <subfield code="c">BOOK</subfield>
  </datafield>
  <datafield tag="999" ind1=" " ind2=" ">
    <subfield code="c">964</subfield>
    <subfield code="d">964</subfield>
  </datafield>
  <datafield tag="952" ind1=" " ind2=" ">
    <subfield code="0">0</subfield>
    <subfield code="1">0</subfield>
    <subfield code="2">ccl</subfield>
    <subfield code="4">0</subfield>
    <subfield code="7">0</subfield>
    <subfield code="a">yeezen</subfield>
    <subfield code="b">yeezen</subfield>
    <subfield code="d">2018-01-31</subfield>
    <subfield code="l">0</subfield>
    <subfield code="o">415.4682 </subfield>
    <subfield code="p">C02327</subfield>
    <subfield code="r">2018-01-31 00:00:00</subfield>
    <subfield code="w">2018-01-31</subfield>
    <subfield code="y">BOOK</subfield>
  </datafield>
</record>
